[Event "IECC O email"]
[Site "IECC email"]
[Date "2000.03.19"]
[Round "?"]
[White "Shuman, Benjamin"]
[Black "Wylie, Richard"]
[Result "0-1"]
[WhiteElo "1100"]
[BlackElo "1207"]
[PlyCount "58"]
[EventDate "2000.??.??"]
[EventType "tourn (corr)"]
[EventRounds "6"]
[SourceTitle "Corr 2008"]
[Source "ChessBase"]
[SourceDate "2008.06.24"]
[SourceVersion "1"]
[SourceVersionDate "2008.06.24"]
[SourceQuality "1"]

1. e4 d6 2. Nf3 c6 3. Bc4 Nf6 4. d3 e5 5. Bg5 d5 6. exd5 cxd5 7. 0-0 dxc4 8. Nxe5 cxd3 9. Qxd3 Qxd3 10. cxd3 h6 11. Bd2 Nc6 12. Nxc6 bxc6 13. Ba5 Ba6 14. Re1+ Kd7 15. Nc3 Rb8 16. Rad1 Rxb2 17. Rb1 Rxb1 18. Rxb1 Be7 19. g4 Nxg4 20. Ra1 Ne5 21. a4 Bxd3 22. Nd1 Bd6 23. Rb1 Bxb1 24. Bc3 Nf3+ 25. Kg2 Be4 26. Bxg7 Rg8 27. Nc3 Rxg7+ 28. Kf1 Bd3+ 29. Ne2 Rg1# 0-1